<?xml version="1.0" encoding="UTF-8"?>
<record
    xmlns:xsi="http://www.w3.org/2001/XMLSchema-instance"
    xsi:schemaLocation="http://www.loc.gov/MARC21/slim http://www.loc.gov/standards/marcxml/schema/MARC21slim.xsd"
    xmlns="http://www.loc.gov/MARC21/slim">

  <leader>03095nam a2200493Ia 4500</leader>
  <controlfield tag="001">dia_7345</controlfield>
  <controlfield tag="003">CHAP</controlfield>
  <controlfield tag="005">20251117093904.0</controlfield>
  <controlfield tag="007">ta</controlfield>
  <controlfield tag="008">220117s2018    mx abdof      001 0 spa d</controlfield>
  <datafield tag="040" ind1=" " ind2=" ">
    <subfield code="c">CHAP</subfield>
    <subfield code="a">mxchpua</subfield>
  </datafield>
  <datafield tag="090" ind1=" " ind2=" ">
    <subfield code="a">T.C.776 </subfield>
    <subfield code="b">R36 IA </subfield>
    <subfield code="c">2018</subfield>
  </datafield>
  <datafield tag="245" ind1="1" ind2="0">
    <subfield code="a">Introducci&#xF3;n a la agroindustria, con fase de campo en los estados de M&#xE9;xico, Quer&#xE9;taro, Guanajuato, Aguascalientes, Jalisco, Nayarit y Sinaloa /</subfield>
    <subfield code="c">coordinador Jos&#xE9; Orlando Ramayo Ram&#xED;rez ; colaboradores Israel Allende Baltazar...[y otros]</subfield>
  </datafield>
  <datafield tag="260" ind1=" " ind2=" ">
    <subfield code="a">M&#xE9;xico :</subfield>
    <subfield code="b">El autor,</subfield>
    <subfield code="c">2018</subfield>
  </datafield>
  <datafield tag="300" ind1=" " ind2=" ">
    <subfield code="a">373 hojas : </subfield>
    <subfield code="b">ilustraciones, tablas, diagramas, mapas, fotos</subfield>
  </datafield>
  <datafield tag="336" ind1=" " ind2=" ">
    <subfield code="2">rdacontent</subfield>
    <subfield code="a">texto</subfield>
    <subfield code="b">txt</subfield>
  </datafield>
  <datafield tag="337" ind1=" " ind2=" ">
    <subfield code="2">rdamedia</subfield>
    <subfield code="a">no mediado</subfield>
    <subfield code="b">n</subfield>
  </datafield>
  <datafield tag="338" ind1=" " ind2=" ">
    <subfield code="2">rdacarrier</subfield>
    <subfield code="a">volumen</subfield>
    <subfield code="b">nc</subfield>
  </datafield>
  <datafield tag="500" ind1=" " ind2=" ">
    <subfield code="a">Grado: 4&#xB0; a&#xF1;o  Grupo: 04
</subfield>
  </datafield>
  <datafield tag="502" ind1=" " ind2=" ">
    <subfield code="a">Viaje de Estudios </subfield>
    <subfield code="b">(IA) -- </subfield>
    <subfield code="c">UACh. Departamento de Ingenier&#xED;a Agroindustrial, </subfield>
    <subfield code="d">2018</subfield>
  </datafield>
  <datafield tag="504" ind1=" " ind2=" ">
    <subfield code="a">Bibliograf&#xED;a: p&#xE1;ginas 367-373</subfield>
  </datafield>
  <datafield tag="505" ind1="0" ind2="0">
    <subfield code="t">Empresas visitadas: 
</subfield>
    <subfield code="a">1. Finca Sala Viv&#xE9; by Freixenet M&#xE9;xico, S. A. de C. V. --
2.Agua Crystal del Bajio, S.A. de C. V. -- 
3.Centro Nacional de Cuicultura -- 
4.Medina Torres, S. A. de C. V. -- 
5.Alimentos la Concordia, S. A. de C.V. -- 
6.Productora y maquiladora de Licores, S.A. de C.V.  -- 
7.Pre mezclas y Vitaminas Tepa,  S. A. de C.V. -- 
8.Kryspy M&#xE9;xico, S. de R. L. de C. V. -- 
9.Grupo Agroindustrial Progreso, S.A. de C.V. -- 
10.Marinela, S.A. de C.V. -- 
11.Cervecer&#xED;a Berber, S.A. de C. V. -- 
12.El Barranque&#xF1;o -- 
13.Cervecer&#xED;a Minerva, S. A. de C. V. -- 
14.Tequila Cuervo La Roje&#xF1;a, S. A. de C. V. -- 
15.Tequila Zausa, S. de R. L. de C. V. -- 
16.Productora Pecuaria Alpera, S.A. P.I de C.V. -- 
17.Centro de Investigaci&#xF3;n y Desarrollo A.C. CIAD -- 
18.Unidad Nayarita del Centro de Investigaci&#xF3;n Biol&#xF3;gicas de Noroeste, S. C.  UNCIBNOR -- 
19.Congeladora Oce&#xE1;nica, S. A. de C. V. -- 
20.Bimbo, S.A. de C. V. Planta Mazatl&#xE1;n -- 
21.Cervecer&#xED;a del Pacifico, S. de R. L. de C. V. -- 
22.AARC</subfield>
  </datafield>
  <datafield tag="650" ind1="1" ind2="3">
    <subfield code="a">Granos de cereales</subfield>
    <subfield code="x">Industria y comercio</subfield>
    <subfield code="9">161730</subfield>
    <subfield code="z">M&#xE9;xico </subfield>
  </datafield>
  <datafield tag="650" ind1="1" ind2="0">
    <subfield code="a">Industria alimentaria</subfield>
    <subfield code="z">M&#xE9;xico  </subfield>
    <subfield code="9">150299</subfield>
  </datafield>
  <datafield tag="650" ind1="1" ind2="0">
    <subfield code="a">Industria cervecera</subfield>
    <subfield code="z">M&#xE9;xico  </subfield>
    <subfield code="9">149284</subfield>
  </datafield>
  <datafield tag="650" ind1="1" ind2="0">
    <subfield code="a">Industria del huevo</subfield>
    <subfield code="z">M&#xE9;xico  </subfield>
    <subfield code="9">150525</subfield>
  </datafield>
  <datafield tag="650" ind1="1" ind2="7">
    <subfield code="a">Industria lechera</subfield>
    <subfield code="z">M&#xE9;xico</subfield>
    <subfield code="2"></subfield>
    <subfield code="9">57847</subfield>
  </datafield>
  <datafield tag="650" ind1="1" ind2="0">
    <subfield code="a">Oleaginosas</subfield>
    <subfield code="x">Industria y comercio</subfield>
    <subfield code="z">M&#xE9;xico  </subfield>
    <subfield code="9">161732</subfield>
  </datafield>
  <datafield tag="650" ind1="1" ind2="3">
    <subfield code="a">Brewing industry</subfield>
    <subfield code="9">161729</subfield>
    <subfield code="z">Mexico </subfield>
  </datafield>
  <datafield tag="650" ind1="1" ind2="3">
    <subfield code="a">Small cereal grains  </subfield>
    <subfield code="x">Industry and trade</subfield>
    <subfield code="9">154454</subfield>
    <subfield code="z">Mexico</subfield>
  </datafield>
  <datafield tag="650" ind1="1" ind2="0">
    <subfield code="a">Dairy industry</subfield>
    <subfield code="z">Mexico</subfield>
    <subfield code="9">152363</subfield>
  </datafield>
  <datafield tag="650" ind1="1" ind2="0">
    <subfield code="a">Egg industry</subfield>
    <subfield code="z">M&#xE9;xico</subfield>
    <subfield code="9">150521</subfield>
  </datafield>
  <datafield tag="650" ind1="1" ind2="0">
    <subfield code="a">Feed industry</subfield>
    <subfield code="z">Mexico  </subfield>
    <subfield code="9">150298</subfield>
  </datafield>
  <datafield tag="650" ind1="1" ind2="0">
    <subfield code="a">Oilseeds</subfield>
    <subfield code="x">Industry and trade</subfield>
    <subfield code="z">Mexico</subfield>
    <subfield code="9">161731</subfield>
  </datafield>
  <datafield tag="700" ind1="1" ind2=" ">
    <subfield code="a">Ramayo Ram&#xED;rez, Jos&#xE9; Orlando</subfield>
    <subfield code="9">161734</subfield>
    <subfield code="e">coordinador</subfield>
  </datafield>
  <datafield tag="700" ind1="1" ind2=" ">
    <subfield code="a">Allende Baltazar, Israel</subfield>
    <subfield code="e">colaborador</subfield>
    <subfield code="9">161733</subfield>
  </datafield>
  <datafield tag="856" ind1="4" ind2="1">
    <subfield code="u">http://10.13.5.2/ve/TC776IA/TC776IA2018-REPORTE.pdf</subfield>
    <subfield code="y">DESCARGAR REPORTE</subfield>
  </datafield>
  <datafield tag="901" ind1=" " ind2=" ">
    <subfield code="a">T.C.776 R36 IA 2018</subfield>
  </datafield>
  <datafield tag="902" ind1=" " ind2=" ">
    <subfield code="a">M</subfield>
  </datafield>
  <datafield tag="905" ind1=" " ind2=" ">
    <subfield code="a">5232272018                          mx nmdl8223123322spa16</subfield>
  </datafield>
  <datafield tag="942" ind1=" " ind2=" ">
    <subfield code="2">local</subfield>
  </datafield>
  <datafield tag="942" ind1=" " ind2=" ">
    <subfield code="c">VE</subfield>
  </datafield>
  <datafield tag="999" ind1=" " ind2=" ">
    <subfield code="c">177631</subfield>
    <subfield code="d">177631</subfield>
  </datafield>
  <datafield tag="952" ind1=" " ind2=" ">
    <subfield code="0">0</subfield>
    <subfield code="1">0</subfield>
    <subfield code="2">local</subfield>
    <subfield code="4">0</subfield>
    <subfield code="5">1</subfield>
    <subfield code="7">0</subfield>
    <subfield code="8">VE</subfield>
    <subfield code="a">IA_</subfield>
    <subfield code="b">IA_</subfield>
    <subfield code="d">2022-01-18</subfield>
    <subfield code="e">El autor</subfield>
    <subfield code="l">0</subfield>
    <subfield code="o">T.C.776 R36 IA 2018</subfield>
    <subfield code="p">1106011974</subfield>
    <subfield code="r">2022-01-18 00:00:00</subfield>
    <subfield code="t">Ej.2</subfield>
    <subfield code="w">2022-01-18</subfield>
    <subfield code="y">CD</subfield>
  </datafield>
  <datafield tag="952" ind1=" " ind2=" ">
    <subfield code="0">0</subfield>
    <subfield code="1">0</subfield>
    <subfield code="2">local</subfield>
    <subfield code="4">0</subfield>
    <subfield code="5">1</subfield>
    <subfield code="7">0</subfield>
    <subfield code="8">VE</subfield>
    <subfield code="a">IA_</subfield>
    <subfield code="b">IA_</subfield>
    <subfield code="d">2022-01-18</subfield>
    <subfield code="e">El autor</subfield>
    <subfield code="l">0</subfield>
    <subfield code="o">T.C.776 R36 IA 2018</subfield>
    <subfield code="p">1106011973</subfield>
    <subfield code="r">2026-01-26 00:00:00</subfield>
    <subfield code="t">Ej.1</subfield>
    <subfield code="w">2022-01-18</subfield>
    <subfield code="y">VE</subfield>
  </datafield>
  <datafield tag="952" ind1=" " ind2=" ">
    <subfield code="0">0</subfield>
    <subfield code="1">0</subfield>
    <subfield code="2">local</subfield>
    <subfield code="4">0</subfield>
    <subfield code="7">0</subfield>
    <subfield code="8">VEE</subfield>
    <subfield code="a">IA_</subfield>
    <subfield code="b">IA_</subfield>
    <subfield code="c">E_L</subfield>
    <subfield code="d">2022-01-18</subfield>
    <subfield code="e">El autor</subfield>
    <subfield code="l">0</subfield>
    <subfield code="o">T.C.776 R36 IA 2018</subfield>
    <subfield code="p">1206011973</subfield>
    <subfield code="r">2024-05-15 00:00:00</subfield>
    <subfield code="w">2024-05-15</subfield>
    <subfield code="y">VEE</subfield>
  </datafield>
</record>
